| 000 | 01447nam a2200385 i 4500 | ||
|---|---|---|---|
| 001 | 197770 | ||
| 003 | SpMaBN | ||
| 005 | 20250902063121.0 | ||
| 008 | 250723s2008 sp a | |||| 000 0 spa | ||
| 015 | _aMON0804 | ||
| 017 |
_aM 397-2008 _bOficina Depósito Legal Madrid |
||
| 020 | _a9788498159516 | ||
| 035 | _a(SpMaBN)FF3352486 | ||
| 035 | _a(OCoLC)434390178 | ||
| 040 |
_aSpMaBN _bspa _cSpMaBN _erdc |
||
| 080 | _a791.44 Welles, Orson | ||
| 100 | 1 |
_aMereghetti, Paolo, _d1949- _0XX4662431 _9241480 _eaut |
|
| 245 | 1 | 0 |
_aOrson Welles / _cPaolo Mereghetti ; traducción, Antonio Francisco Rodríguez Esteban. |
| 246 | 1 | 4 | _aEl libro de Orson Welles |
| 260 |
_a[Madrid] : _bEl País, _c[2008]. |
||
| 300 |
_a95 páginas : _bilustrado blanco y negro ; _c23 cm. |
||
| 336 |
_2rdacontent _atexto |
||
| 337 |
_2rdamedia _asin mediación |
||
| 338 |
_2rdacarrier _avolumen |
||
| 490 | 1 |
_aColección grandes directores ; _v1 |
|
| 600 | 1 | 4 |
_aWelles, Orson, _d1915-1985 _2embne _9116444 |
| 655 | 7 |
_2tgfbne _9193653 _aLibros ilustrados |
|
| 852 |
_aES-MaACL _cDEPO1 _jN-10626 _hDonación: José Lázaro García _xEncuadernación rústica _9206749 |
||
| 903 |
_9234219 _aLázaro García, José _ednr |
||
| 942 |
_cMONOGRAFIA _n0 |
||
| 999 |
_c197770 _d197770 |
||